<?xml version="1.0" encoding="UTF-8"?>
<collection xmlns:xsi="http://www.w3.org/2001/XMLSchema-instance" xsi:schemaLocation="http://www.loc.gov/MARC21/slim http://www.loc.gov/standards/marcxml/schema/MARC21slim.xsd" xmlns="http://www.loc.gov/MARC21/slim">
 <record>
  <leader>00000cam a22000004i 4500</leader>
  <controlfield tag="001">UP-1685594773857534997</controlfield>
  <controlfield tag="003">Buklod</controlfield>
  <controlfield tag="005">20230731090518.0</controlfield>
  <controlfield tag="006">m    |o  d |      </controlfield>
  <controlfield tag="007">ta</controlfield>
  <controlfield tag="008">141028t20162016maua    rb   |001 0|eng d</controlfield>
  <datafield tag="020" ind1=" " ind2=" ">
   <subfield code="a">9781285176819 (pbk.)</subfield>
  </datafield>
  <datafield tag="020" ind1=" " ind2=" ">
   <subfield code="a">1285176812 (pbk.)</subfield>
  </datafield>
  <datafield tag="035" ind1=" " ind2=" ">
   <subfield code="a">(iLib)UPEPP-00003738577</subfield>
  </datafield>
  <datafield tag="040" ind1=" " ind2=" ">
   <subfield code="a">FVC</subfield>
   <subfield code="b">eng</subfield>
   <subfield code="d">DUPEP</subfield>
   <subfield code="e">rda</subfield>
  </datafield>
  <datafield tag="042" ind1=" " ind2=" ">
   <subfield code="a">lccopycat</subfield>
  </datafield>
  <datafield tag="050" ind1="0" ind2="0">
   <subfield code="a">Z250</subfield>
   <subfield code="b">R16 2016</subfield>
  </datafield>
  <datafield tag="100" ind1="1" ind2=" ">
   <subfield code="a">Rabinowitz Deer, Tova</subfield>
   <subfield code="e">author.</subfield>
  </datafield>
  <datafield tag="245" ind1="1" ind2="0">
   <subfield code="a">Exploring typography</subfield>
   <subfield code="c">by Tova Rabinowitz Deer.</subfield>
  </datafield>
  <datafield tag="250" ind1=" " ind2=" ">
   <subfield code="a">Second edition.</subfield>
  </datafield>
  <datafield tag="264" ind1=" " ind2="1">
   <subfield code="a">Boston, MA, USA</subfield>
   <subfield code="b">Cengage Learning</subfield>
   <subfield code="c">[2016]</subfield>
  </datafield>
  <datafield tag="300" ind1=" " ind2=" ">
   <subfield code="a">xiv, 362 pages</subfield>
   <subfield code="b">illustrations (some color)</subfield>
   <subfield code="c">28 cm</subfield>
  </datafield>
  <datafield tag="504" ind1=" " ind2=" ">
   <subfield code="a">Includes bibliographical references (pages 339-345) and index.</subfield>
  </datafield>
  <datafield tag="505" ind1="0" ind2=" ">
   <subfield code="a">History of type -- Physical attributes of type -- Type family classification -- Legibility and readability -- Layout design aspects -- Using grids -- Type in a digital environment -- Designing type -- Creative message-making.</subfield>
  </datafield>
  <datafield tag="650" ind1=" " ind2="0">
   <subfield code="a">Type and type-founding</subfield>
   <subfield code="x">Handbooks, manuals, etc.</subfield>
  </datafield>
  <datafield tag="650" ind1=" " ind2="0">
   <subfield code="a">Graphic design (Typography)</subfield>
  </datafield>
  <datafield tag="650" ind1=" " ind2="0">
   <subfield code="a">Graphic design (Typography)</subfield>
  </datafield>
  <datafield tag="650" ind1=" " ind2="0">
   <subfield code="a">Type and type-founding.</subfield>
  </datafield>
  <datafield tag="655" ind1=" " ind2="0">
   <subfield code="a">Handbooks and manuals.</subfield>
  </datafield>
  <datafield tag="856" ind1="2" ind2=" ">
   <subfield code="u">http://www.loc.gov/catdir/enhancements/fy1608/2014955418-b.html</subfield>
   <subfield code="3">Contributor biographical information</subfield>
  </datafield>
  <datafield tag="856" ind1="2" ind2=" ">
   <subfield code="u">http://www.loc.gov/catdir/enhancements/fy1608/2014955418-d.html</subfield>
   <subfield code="3">Publisher description</subfield>
  </datafield>
  <datafield tag="856" ind1="1" ind2=" ">
   <subfield code="u">http://www.loc.gov/catdir/enhancements/fy1608/2014955418-t.html</subfield>
   <subfield code="3">Table of contents only</subfield>
  </datafield>
  <datafield tag="905" ind1=" " ind2=" ">
   <subfield code="a">FO</subfield>
  </datafield>
  <datafield tag="852" ind1="0" ind2=" ">
   <subfield code="a">UPEPP</subfield>
   <subfield code="b">UPEPP</subfield>
   <subfield code="h">Z250</subfield>
   <subfield code="i">R16 2016</subfield>
  </datafield>
  <datafield tag="942" ind1=" " ind2=" ">
   <subfield code="a">Book</subfield>
  </datafield>
 </record>
</collection>
